[Event "Montevideo Duchamp Cup 5th"]
[Site "Montevideo"]
[Date "2022.02.16"]
[Round "6"]
[White "Froz, Daniel"]
[Black "Urrestarazu, Diego"]
[Result "0-1"]
[WhiteElo "1588"]
[BlackElo "1833"]
[PlyCount "88"]
[EventDate "2022.02.12"]
[EventType "swiss"]
[EventRounds "9"]
[EventCountry "URU"]
[SourceTitle "CBM 206 Extra"]
[Source "ChessBase"]
[SourceDate "2022.03.31"]
[SourceVersion "1"]
[SourceVersionDate "2022.03.31"]
[SourceQuality "1"]

1. d4 Nf6 2. Nf3 g6 3. c4 d6 4. Nc3 Bg7 5. g3 0-0 6. Bg2 c6 7. 0-0 Nbd7 8. Re1 e5 9. e3 Re8 10. b3 exd4 11. Nxd4 d5 12. cxd5 c5 13. Nde2 Nb6 14. Bb2 Nfxd5 15. Rc1 Bg4 16. h3 Nxc3 17. Bxc3 Qxd1 18. Rcxd1 Bxe2 19. Rxe2 Bxc3 20. Bxb7 Rad8 21. Rc1 Bb4 22. e4 Re7 23. Ba6 Red7 24. Kg2 Rd2 25. Rc2 R2d4 26. f3 Nd7 27. f4 Nf6 28. Kf3 Rd1 29. Bc4 h5 30. a3 Ba5 31. a4 R8d4 32. Bb5 Bb4 33. a5 Rf1+ 34. Kg2 Rdd1 35. Re3 Rg1+ 36. Kf3 h4 37. gxh4 Nh5 38. Rg2 Rxg2 39. Kxg2 Nxf4+ 40. Kg3 Ne6 41. a6 Be1+ 42. Kf3 Bxh4 43. Kg2 Rd2+ 44. Re2 Nf4+ 0-1

[Event "Montevideo Duchamp Cup 5th"]
[Site "Montevideo"]
[Date "2022.02.15"]
[Round "5"]
[White "Urrestarazu, Diego"]
[Black "Fabra, Nahiara"]
[Result "1/2-1/2"]
[WhiteElo "1833"]
[BlackElo "1397"]
[PlyCount "56"]
[EventDate "2022.02.12"]
[EventType "swiss"]
[EventRounds "9"]
[EventCountry "URU"]
[SourceTitle "CBM 206 Extra"]
[Source "ChessBase"]
[SourceDate "2022.03.31"]
[SourceVersion "1"]
[SourceVersionDate "2022.03.31"]
[SourceQuality "1"]

1. c4 Nf6 2. Nc3 e6 3. g3 d5 4. cxd5 exd5 5. d4 c6 6. Bg2 Be7 7. Nf3 Bf5 8. 0-0 0-0 9. a3 Nbd7 10. b4 a6 11. Re1 Re8 12. h3 Nf8 13. Ne5 Ng6 14. g4 Nxe5 15. dxe5 Ne4 16. gxf5 Nxc3 17. Qd3 Nb5 18. Qg3 Kh8 19. Bb2 f6 20. e4 dxe4 21. Rxe4 fxe5 22. Rxe5 Bf6 23. Rxe8+ Qxe8 24. Bxf6 gxf6 25. Rd1 Rd8 26. Rxd8 Qxd8 27. Qe3 Qd1+ 28. Bf1 Qd7 1/2-1/2

[Event "Montevideo Duchamp Cup 4th"]
[Site "Montevideo"]
[Date "2020.02.09"]
[Round "2"]
[White "De la Torre, Andres"]
[Black "Urrestarazu, Diego"]
[Result "0-1"]
[WhiteElo "1595"]
[BlackElo "1837"]
[PlyCount "84"]
[EventDate "2020.02.08"]
[EventType "swiss"]
[EventRounds "9"]
[EventCountry "URU"]
[SourceTitle "CBM 194 Extra"]
[Source "ChessBase"]
[SourceDate "2020.03.31"]
[SourceVersion "1"]
[SourceVersionDate "2020.03.31"]
[SourceQuality "1"]

1. Nf3 d5 2. g3 c5 3. Bg2 Nc6 4. d3 e5 5. 0-0 Nf6 6. c3 Be7 7. Bg5 h6 8. Bd2 Be6 9. Qb3 Qd7 10. Rd1 0-0 11. e4 dxe4 12. Nxe5 Nxe5 13. c4 Bg4 14. Nc3 Nf3+ 15. Kh1 Nd4 16. Qa4 Qxa4 17. Nxa4 Bxd1 18. Rxd1 Ng4 19. Kg1 Nf3+ 20. Bxf3 exf3 21. Be3 b6 22. Bc1 Rad8 23. Nc3 Nf6 24. Be3 Rfe8 25. h3 Bd6 26. Kh2 Be5 27. Rd2 Rd7 28. Bf4 Bxf4 29. gxf4 Ne4 30. Nxe4 Rxe4 31. Kg3 Re2 32. Rd1 Rxb2 33. Kxf3 Rxa2 34. Re1 Rxd3+ 35. Ke4 Rd6 36. Kf5 Rf6+ 37. Kg4 Rxf2 38. h4 R2xf4+ 39. Kh3 Rg6 40. h5 Rg5 41. Re8+ Kh7 42. Ra8 f5 0-1

[Event "URU-chTB"]
[Site "Uruguay"]
[Date "2017.07.08"]
[Round "2.1"]
[White "Urrestarazu, Diego"]
[Black "Caitano, Martin Joel"]
[Result "0-1"]
[WhiteElo "1857"]
[BlackElo "2017"]
[PlyCount "84"]
[EventDate "2017.07.07"]
[EventType "team-swiss"]
[EventRounds "5"]
[EventCountry "URU"]
[SourceTitle "EXT 2018"]
[Source "ChessBase"]
[SourceDate "2017.10.13"]
[SourceVersion "1"]
[SourceVersionDate "2017.10.13"]
[SourceQuality "1"]
[WhiteTeam "LP Zwischenzug"]
[BlackTeam "Piratas Tablero II"]
[WhiteTeamCountry "URU"]
[BlackTeamCountry "URU"]

1. c4 Nf6 2. Nc3 g6 3. d4 Bg7 4. Nf3 0-0 5. Bg5 h6 6. Bxf6 Bxf6 7. e3 d6 8. Bd3 c5 9. 0-0 cxd4 10. Nxd4 Nc6 11. Nxc6 bxc6 12. Qc2 Rb8 13. Rab1 Qa5 14. Ne4 Bg7 15. b3 Qb4 16. Ng3 f5 17. Ne2 e5 18. e4 Qc5 19. exf5 gxf5 20. Ng3 e4 21. Be2 d5 22. Nh5 Be5 23. Qd2 Qd6 24. g3 d4 25. c5 Qg6 26. Bc4+ Kh7 27. Nf4 Qg5 28. h4 Qg4 29. Be2 Bxf4 30. Qxf4 Qxf4 31. gxf4 d3 32. Bh5 Be6 33. Rfe1 Bd5 34. Re3 Rb5 35. Rc1 a5 36. f3 a4 37. bxa4 Rb2 38. fxe4 fxe4 39. Rg3 Rxf4 40. Re1 d2 41. Rd1 Rxh4 42. Rf1 Rxh5 0-1

[Event "Montevideo Duchamp Cup 1st"]
[Site "Montevideo"]
[Date "2017.02.13"]
[Round "7"]
[White "Urrestarazu, Diego"]
[Black "Gaye, Gustavo"]
[Result "1-0"]
[WhiteElo "1861"]
[BlackElo "2061"]
[PlyCount "69"]
[EventDate "2017.02.09"]
[EventType "swiss"]
[EventRounds "9"]
[EventCountry "URU"]
[SourceTitle "CBM 176 Extra"]
[Source "ChessBase"]
[SourceDate "2017.03.02"]
[SourceVersion "1"]
[SourceVersionDate "2017.03.02"]
[SourceQuality "1"]

1. c4 g6 2. Nc3 Bg7 3. g3 d6 4. Bg2 f5 5. d4 Nf6 6. Nf3 0-0 7. 0-0 Nc6 8. d5 Ne5 9. Nxe5 dxe5 10. e4 f4 11. f3 g5 12. g4 a6 13. b4 h5 14. h3 Kf7 15. Kf2 Rh8 16. Rh1 Rh6 17. Bb2 b6 18. h4 hxg4 19. hxg5 g3+ 20. Ke2 Rxh1 21. Qxh1 Ne8 22. Qh5+ Kf8 23. Rh1 a5 24. b5 Qd6 25. a3 Qc5 26. Nd1 Qxc4+ 27. Kd2 Qxb5 28. g6 c6 29. Bxe5 Nf6 30. Bxf6 exf6 31. Qh4 cxd5 32. Qxf4 dxe4 33. Qd6+ Kg8 34. Qd8+ Bf8 35. Rh8+ 1-0

[Event "Montevideo Duchamp Cup 1st"]
[Site "Montevideo"]
[Date "2017.02.12"]
[Round "5"]
[White "Ramos Correa, Gabriel"]
[Black "Urrestarazu, Diego"]
[Result "1-0"]
[WhiteElo "1690"]
[BlackElo "1861"]
[PlyCount "72"]
[EventDate "2017.02.09"]
[EventType "swiss"]
[EventRounds "9"]
[EventCountry "URU"]
[SourceTitle "CBM 176 Extra"]
[Source "ChessBase"]
[SourceDate "2017.03.02"]
[SourceVersion "1"]
[SourceVersionDate "2017.03.02"]
[SourceQuality "1"]

1. d4 Nf6 2. c4 g6 3. Nc3 Bg7 4. e4 d6 5. Nf3 0-0 6. Be2 e5 7. dxe5 dxe5 8. 0-0 Nbd7 9. Qc2 b6 10. Rd1 Qe7 11. Bg5 c6 12. Nd2 h6 13. Bh4 Nc5 14. Nf1 Ne6 15. b3 Nd4 16. Qb2 g5 17. Bg3 h5 18. f3 g4 19. Ne3 Nh7 20. fxg4 Qg5 21. Bf2 hxg4 22. Qd2 f5 23. exf5 Rd8 24. Ne4 Qe7 25. Qe1 Bxf5 26. Nxf5 Nxf5 27. Bxg4 Nh6 28. Bf3 Nf5 29. Rxd8+ Rxd8 30. Rd1 Ng5 31. Nxg5 Qxg5 32. Bxc6 Nd4 33. Bh4 Ne2+ 34. Qxe2 Qxh4 35. Bd5+ Kh8 36. Rf1 Qe7 1-0

[Event "Montevideo Duchamp Cup 1st"]
[Site "Montevideo"]
[Date "2017.02.09"]
[Round "1"]
[White "Diaz Hollemaert, Nahuel Carlos"]
[Black "Urrestarazu, Diego"]
[Result "1-0"]
[WhiteElo "2429"]
[BlackElo "1861"]
[PlyCount "83"]
[EventDate "2017.02.09"]
[EventType "swiss"]
[EventRounds "9"]
[EventCountry "URU"]
[SourceTitle "CBM 176 Extra"]
[Source "ChessBase"]
[SourceDate "2017.03.02"]
[SourceVersion "1"]
[SourceVersionDate "2017.03.02"]
[SourceQuality "1"]

1. d4 Nf6 2. c4 g6 3. Nc3 Bg7 4. e4 d6 5. f3 0-0 6. Bg5 Nbd7 7. Nh3 c5 8. d5 Qa5 9. a4 Ne5 10. Nf2 Qb4 11. Ra3 Qa5 12. Be2 h6 13. Bd2 Qd8 14. f4 Ned7 15. 0-0 Re8 16. a5 Rb8 17. Nd3 b6 18. e5 Nh7 19. Nb5 a6 20. Na7 Bb7 21. Nc6 Bxc6 22. dxc6 Ndf8 23. axb6 Qxb6 24. Bf3 Ne6 25. Qa1 Nc7 26. Be3 Nf8 27. b4 Nfe6 28. bxc5 dxc5 29. Bd5 Nd4 30. Bxd4 cxd4 31. c5 Qa7 32. Bc4 Red8 33. f5 gxf5 34. Rxf5 e6 35. Rf1 Qa8 36. Nf4 Qxc6 37. Rg3 Kf8 38. Qc1 Qxc5 39. Nd3 Qe7 40. Qf4 Nd5 41. Bxd5 Rxd5 42. Qg4 1-0

[Event "URU-chT"]
[Site "Paysandu"]
[Date "2012.08.04"]
[Round "3.4"]
[White "Nunez de la Rosa, Federico"]
[Black "Urrestarazu, Diego"]
[Result "1-0"]
[WhiteElo "1940"]
[BlackElo "1972"]
[PlyCount "57"]
[EventDate "2012.08.03"]
[EventType "team-swiss"]
[EventRounds "5"]
[EventCountry "URU"]
[SourceTitle "CBM 149 Extra"]
[Source "ChessBase"]
[SourceDate "2012.08.24"]
[SourceVersion "1"]
[SourceVersionDate "2012.08.24"]
[SourceQuality "1"]

1. e4 c5 2. Nf3 d6 3. d3 g6 4. g3 Bg7 5. Bg2 Nf6 6. 0-0 0-0 7. Nbd2 Nc6 8. Re1 Bg4 9. Nf1 Nd4 10. c3 Nxf3+ 11. Bxf3 Bxf3 12. Qxf3 Nd7 13. Kg2 b5 14. h4 Rb8 15. h5 b4 16. c4 e6 17. Ne3 Ne5 18. Qe2 Nc6 19. Rh1 Nd4 20. Qd1 f5 21. hxg6 hxg6 22. exf5 exf5 23. Nd5 Kf7 24. Qa4 a5 25. Bf4 Re8 26. Rh7 Ne6 27. Rah1 Nxf4+ 28. Nxf4 Rh8 29. Rxg7+ 1-0

[Event "Latin Cup"]
[Site "Montevideo"]
[Date "2011.11.06"]
[Round "9"]
[White "Urrestarazu, Diego"]
[Black "Alsina, Ruben"]
[Result "1/2-1/2"]
[WhiteElo "1955"]
[BlackElo "1945"]
[PlyCount "105"]
[EventDate "2011.11.01"]
[EventType "swiss"]
[EventRounds "9"]
[EventCountry "URU"]
[SourceTitle "EXT 2012"]
[Source "ChessBase"]
[SourceDate "2011.11.24"]
[SourceVersion "1"]
[SourceVersionDate "2011.11.24"]
[SourceQuality "1"]

1. c4 e5 2. Nc3 Nc6 3. g3 g6 4. Bg2 Bg7 5. e3 f5 6. Nge2 Nf6 7. 0-0 0-0 8. d4 e4 9. f3 exf3 10. Bxf3 Re8 11. h3 d6 12. Kh2 Ne4 13. Nxe4 fxe4 14. Bg2 h5 15. Bd2 Bf5 16. Nf4 Qd7 17. b4 Nd8 18. Qb3 c6 19. Rf2 Ne6 20. Nxe6 Qxe6 21. Raf1 Rac8 22. a3 d5 23. cxd5 cxd5 24. Rc1 Qd6 25. h4 Bh6 26. Rc5 Be6 27. Bh3 Bxh3 28. Kxh3 Qe6+ 29. Kg2 Red8 30. Qc2 b6 31. Rc7 Rf8 32. Rxc8 Rxc8 33. Qb3 b5 34. a4 a6 35. axb5 axb5 36. Rf1 g5 37. Rc1 Rxc1 38. Bxc1 gxh4 39. gxh4 Qg4+ 40. Kf1 Qf5+ 41. Ke1 Bf8 42. Qb2 Bd6 43. Qg2+ Qg4 44. Qxg4+ hxg4 45. Kf2 Kf7 46. Bd2 Kg6 47. Kg2 Kh5 48. Be1 g3 49. Bd2 Kxh4 50. Be1 Kg4 51. Bd2 Be7 52. Be1 Bg5 53. Bd2 1/2-1/2